000 00219nam a22001097a 4500
040 _cSK
082 _a604
100 _aNA
245 _aគំនូរបច្ចេកទេស
260 _aRUA
_bNA
_c1997
942 _cKB
999 _c9896
_d9896